Normal view
MARC view
- Marashi, Ameen
Entry Personal Name
001 - CONTROL NUMBER
- control field: 126562
003 - CONTROL NUMBER IDENTIFIER
- control field: NUST
005 - DATE AND TIME OF LATEST TRANSACTION
- control field: 20241029112453.0
008 - FIXED-LENGTH DATA ELEMENTS
- fixed length control field: 241029|| aca||aabn | a|a d
040 ## - CATALOGING SOURCE
- Original cataloging agency: NUST
- Transcribing agency: NUST
100 ## - HEADING--PERSONAL NAME
- Personal name: Marashi, Ameen
670 ## - SOURCE DATA FOUND
- Source citation: Work cat.: (NUST): Marashi, Ameen author., Atlas of fundus fluorescein angiography for approaching macular diseases :, 2024.
